The scarecrow / (Record no. 10130)

MARC details
000 -LEADER
fixed length control field 01201nam a22003137a 4500
001 - CONTROL NUMBER
control field 10130
003 - CONTROL NUMBER IDENTIFIER
control field FISKH
005 - DATE AND TIME OF LATEST TRANSACTION
control field 20260428100225.0
008 - FIXED-LENGTH DATA ELEMENTS--GENERAL INFORMATION
fixed length control field 260423b cb ||||| |||| 00| 0 eng d
020 ## - INTERNATIONAL STANDARD BOOK NUMBER
International Standard Book Number 9780462004563
040 ## - CATALOGING SOURCE
Original cataloging agency FISKH
Language of cataloging eng
Transcribing agency FISKH
Modifying agency FISKH
050 ## - LIBRARY OF CONGRESS CALL NUMBER
Classification number PZ7
082 ## - DEWEY DECIMAL CLASSIFICATION NUMBER
Classification number 823.92
100 ## - MAIN ENTRY--PERSONAL NAME
Personal name Green, John
Relator term Author
245 ## - TITLE STATEMENT
Title The scarecrow /
Statement of responsibility, etc. Written by John Green ; Illustrated by Brooke Worthington
250 ## - EDITION STATEMENT
Edition statement First published 2008
260 ## - PUBLICATION, DISTRIBUTION, ETC.
Place of publication, distribution, etc. London :
Name of publisher, distributor, etc. Marshall Cavendish Limited ,
Date of publication, distribution, etc. 2008
300 ## - PHYSICAL DESCRIPTION
Extent 16 pages :
Other physical details color illustrations ;
Dimensions 16 X 19 cm
490 ## - SERIES STATEMENT
Series statement My Pals Are Here ! Reading Stars :
Volume/sequential designation 2b
505 ## - FORMATTED CONTENTS NOTE
Formatted contents note G<br/>
520 ## - SUMMARY, ETC.
Summary, etc. A scarecrow stands in a field watching over crops. As time passes, it experiences different moments—such as changes in weather or visits from animals. Though it may seem lonely at times, the scarecrow plays an important role in protecting the field and becomes part of the farm’s daily life.
521 8# - TARGET AUDIENCE NOTE
Target audience note 350<br/>
Source Lexile estimate <br/>
521 8# - TARGET AUDIENCE NOTE
Target audience note G<br/>
Source Raz-Plus <br/>
650 ## - SUBJECT ADDED ENTRY--TOPICAL TERM
Form subdivision Scarecrow
Source of heading or term Farm
650 ## - SUBJECT ADDED ENTRY--TOPICAL TERM
Source of heading or term Field
Topical term or geographic name entry element Nature
700 ## - ADDED ENTRY--PERSONAL NAME
Personal name Worthington, Brooke
Relator term Illustrator
942 ## - ADDED ENTRY ELEMENTS (KOHA)
Source of classification or shelving scheme Dewey Decimal Classification
Koha item type Books
Suppress in OPAC No
Holdings
Withdrawn status Lost status Source of classification or shelving scheme Damaged status Not for loan Collection Home library Current library Shelving location Date acquired Total Checkouts Full call number Barcode Date last seen Copy number Price effective from Koha item type
    Dewey Decimal Classification     Non-Fiction Footprints International School Library Network Toul Tom Poung Campus Footprints International School Library Network Toul Tom Poung Campus TTP Primary Green Bookshelves 04/23/2026   GRE 823.92 PZ7 FISTK03182 04/23/2026 1 04/23/2026 Books
    Dewey Decimal Classification     Non-Fiction Footprints International School Library Network Toul Tom Poung Campus Footprints International School Library Network Toul Tom Poung Campus TTP Primary Green Bookshelves 04/28/2026   GRE 823.92 PZ7 FISBK06493 04/28/2026 2 04/28/2026 Books
    Dewey Decimal Classification     Non-Fiction Footprints International School Library Network Toul Tom Poung Campus Footprints International School Library Network Toul Tom Poung Campus TTP Primary Green Bookshelves 04/28/2026   GRE 823.92 PZ7 FISTK03183 04/28/2026 3 04/28/2026 Books